| 000 | 01139nam a2200253 a 4500 | ||
|---|---|---|---|
| 001 | 52347 | ||
| 003 | BD-RjUL | ||
| 005 | 20211209075806.0 | ||
| 008 | 160919s1987 ii a|||| |||| 001 0 eng d | ||
| 035 | _a(BD-RjUL)52467 | ||
| 040 |
_aBD-RjUL _beng _cBD-RjUL |
||
| 041 | _aeng | ||
| 082 |
_223 _a530 _bDAD 1987 |
||
| 100 | 1 |
_aদাশগুপ্ত, শ্চিত্তরঞ্জন _9126797 |
|
| 245 | 1 | 0 |
_aদ্বিবার্ষিক পদার্থ বিজ্ঞান / _cচিত্তরঞ্জন দাশগুপ্ত |
| 250 | _a৫ম পরিমার্জিত সং | ||
| 260 |
_aকলিকাতা : _bবুক সিন্ডিকেট, _c১৯৮৭ |
||
| 300 |
_aখণ্ড : _bচিত্র ; _c২১ সেমি. |
||
| 500 | _aনির্ঘণ্ট সংযুক্ত | ||
| 505 | _a খণ্ড ৩. (আলোক বিজ্ঞান, পরিবর্তী প্রবাহ এবং আধুনিক পদার্থ বিজ্ঞান) -- | ||
| 650 |
_aপদার্থ বিজ্ঞান _9123216 |
||
| 650 |
_aPhysics _9156645 |
||
| 942 |
_2ddc _cBK |
||
| 999 |
_c52347 _d52347 |
||